000 00688nam a2200229 a 4500
999 _c6740
_d6740
001 6740
003 BD-JhCC
005 20180129113529.0
008 180129s1965 u |||| || | 001 0 eng d
035 _a(BD-JhCC)6740
040 _aBD-JhCC
_dBD-JhCC
041 _aeng
082 _a320.5
_bSTA 1965
245 _aThe Statesman's Year-Book 1965-1966 :
_bStatistical and Historical annual of the States of the World for the Year 1965-1966 /
_cS. H Steinberg, Ph. D. (Editoe)
250 _a102th ed.
260 _aNew York :
_bMacmillan & Co Ltd,
_c1965.
300 _a1726 p. :
_c20 cm.
504 _aIncludes Index
650 _aPolitical Science
942 _2ddc
_cBK